[Event "RSA-chT Regions"]
[Site "Boksburg"]
[Date "2020.01.12"]
[Round "7.4"]
[White "Oosthuizen, Michal Jacobus"]
[Black "Thabethe, Nhlanhla"]
[Result "0-1"]
[WhiteElo "1824"]
[BlackElo "1784"]
[PlyCount "72"]
[EventDate "2020.01.09"]
[EventType "team-swiss"]
[EventRounds "7"]
[EventCountry "RSA"]
[SourceTitle "CBM 194 Extra"]
[Source "ChessBase"]
[SourceDate "2020.03.31"]
[SourceVersion "1"]
[SourceVersionDate "2020.03.31"]
[SourceQuality "1"]
[WhiteTeam "GTP Juniors"]
[BlackTeam "GTP Open VI"]
[WhiteTeamCountry "RSA"]
[BlackTeamCountry "RSA"]

1. c4 Nf6 2. Nf3 g6 3. g3 Bg7 4. Bg2 c5 5. 0-0 0-0 6. Nc3 d6 7. Rb1 Nc6 8. a3 a5 9. Ne1 Be6 10. d3 Qd7 11. e4 Bh3 12. Nc2 Bxg2 13. Kxg2 e6 14. Ne3 Nd4 15. Bd2 a4 16. f4 Qc6 17. Kg1 Nd7 18. f5 Nb3 19. Ng4 Nxd2 20. Qxd2 Bd4+ 21. Rf2 gxf5 22. exf5 Qf3 23. Nh6+ Kh8 24. Rbf1 Ne5 25. Ne2 Be3 26. Qd1 Nxd3 27. Ng4 Nxf2 28. Nxf2 d5 29. cxd5 exd5 30. Qc2 d4 31. Nc1 c4 32. Na2 b5 33. Nb4 h5 34. f6 h4 35. Qf5 Qxf5 36. Kg2 d3 0-1

[Event "RSA-chT Regions"]
[Site "Boksburg"]
[Date "2020.01.09"]
[Round "1.4"]
[White "Thabethe, Nhlanhla"]
[Black "Van der Westhuizen, Donald"]
[Result "1/2-1/2"]
[WhiteElo "1784"]
[BlackElo "1686"]
[PlyCount "107"]
[EventDate "2020.01.09"]
[EventType "team-swiss"]
[EventRounds "7"]
[EventCountry "RSA"]
[SourceTitle "CBM 194 Extra"]
[Source "ChessBase"]
[SourceDate "2020.03.31"]
[SourceVersion "1"]
[SourceVersionDate "2020.03.31"]
[SourceQuality "1"]
[WhiteTeam "GTP Open VI"]
[BlackTeam "GTP Open II"]
[WhiteTeamCountry "RSA"]
[BlackTeamCountry "RSA"]

1. d4 Nf6 2. c4 c5 3. e3 cxd4 4. Qxd4 Nc6 5. Qd1 d6 6. Nc3 g6 7. Nf3 Bg7 8. Be2 0-0 9. 0-0 Nd7 10. Bd2 Nde5 11. Nd4 Qc7 12. b3 a6 13. Rc1 Nd7 14. Ncb5 axb5 15. cxb5 Bxd4 16. exd4 Rxa2 17. d5 Rxd2 18. Qxd2 Qa5 19. Qxa5 Nxa5 20. Rc3 Nf6 21. b4 Nxd5 22. Rxc8 Rxc8 23. bxa5 Rc2 24. Bf3 Rc5 25. a6 bxa6 26. bxa6 Nc7 27. Be2 Ra5 28. Rc1 Ra2 29. Rxc7 Rxe2 30. Kf1 Ra2 31. a7 Kg7 32. Rxe7 Kf6 33. Rc7 h5 34. h4 Ke6 35. Ke1 d5 36. Kd1 f6 37. f3 Ke5 38. g3 Kd4 39. Kc1 Kd3 40. Kb1 Ra6 41. g4 d4 42. gxh5 gxh5 43. f4 Ke3 44. Kc2 Kxf4 45. Kd3 Kg4 46. Kxd4 Kxh4 47. Rg7 f5 48. Ke5 Ra5+ 49. Kf4 Kh3 50. Rg3+ Kh2 51. Rg7 h4 52. Kf3 Ra4 53. Rg2+ Kh3 54. Rg7 1/2-1/2

[Event "Johannesburg PSS Capablanca-B"]
[Site "Johannesburg"]
[Date "2017.04.28"]
[Round "4"]
[White "Thabethe, Nhlanhla"]
[Black "Khumalo, Keith"]
[Result "1-0"]
[WhiteElo "1842"]
[BlackElo "1720"]
[PlyCount "87"]
[EventDate "2017.04.26"]
[EventType "tourn"]
[EventRounds "9"]
[EventCountry "RSA"]
[SourceTitle "CBM 178 Extra"]
[Source "ChessBase"]
[SourceDate "2017.06.22"]
[SourceVersion "1"]
[SourceVersionDate "2017.06.22"]
[SourceQuality "1"]

1. e4 c5 2. Nc3 Nc6 3. f4 g6 4. Bb5 Nd4 5. Nf3 Bg7 6. 0-0 e6 7. d3 Ne7 8. Nxd4 cxd4 9. Ne2 0-0 10. Qe1 Qc7 11. Ba4 a5 12. Qh4 d5 13. f5 exf5 14. Bf4 Qd8 15. Bg5 f6 16. Bh6 Bd7 17. Bxg7 Kxg7 18. Nxd4 dxe4 19. dxe4 Bc8 20. Rad1 Qb6 21. Kh1 Qb4 22. exf5 Nxf5 23. Nxf5+ Bxf5 24. Qxb4 axb4 25. Bb3 Rad8 26. Kg1 Be6 27. Rxd8 Rxd8 28. Rf4 Bf5 29. Rxb4 Rd7 30. Kf2 Rc7 31. Kf3 h5 32. h3 Bd7 33. Bd5 b5 34. c4 Rc5 35. Ke4 bxc4 36. Rxc4 Bf5+ 37. Kd4 Rb5 38. b4 Rb8 39. a4 Bb1 40. a5 Kh6 41. Kc5 Ba2 42. Rd4 Rc8+ 43. Bc6 Bf7 44. b5 1-0

[Event "Johannesburg Redpath op"]
[Site "Johannesburg"]
[Date "2016.07.17"]
[Round "9"]
[White "Agostinho, Diogo"]
[Black "Thabethe, Nhlanhla"]
[Result "1-0"]
[WhiteElo "2055"]
[BlackElo "1802"]
[PlyCount "59"]
[EventDate "2016.07.13"]
[EventType "swiss"]
[EventRounds "9"]
[EventCountry "RSA"]
[SourceTitle "CBM 173 Extra"]
[Source "ChessBase"]
[SourceDate "2016.08.29"]
[SourceVersion "1"]
[SourceVersionDate "2016.08.29"]
[SourceQuality "1"]

1. e4 e6 2. f4 d5 3. exd5 exd5 4. Nf3 Nf6 5. Be2 Be7 6. 0-0 d4 7. d3 0-0 8. Nbd2 c5 9. Ne5 Nbd7 10. Nxd7 Bxd7 11. Bf3 Qc7 12. Nc4 Bc6 13. Bd2 Rad8 14. Bxc6 Qxc6 15. Ne5 Qb5 16. b3 Nd5 17. Qf3 Bf6 18. a4 Qb6 19. Ng4 Rfe8 20. Rae1 Bh4 21. Rxe8+ Rxe8 22. Qxd5 Re2 23. Rd1 Qg6 24. Qf3 Re8 25. g3 Bd8 26. Re1 Be7 27. Ne5 Qd6 28. Qxb7 Qf6 29. Qc6 Rd8 30. Qxf6 1-0

[Event "Johannesburg Redpath op"]
[Site "Johannesburg"]
[Date "2016.07.16"]
[Round "7"]
[White "Baxter, David Jarred"]
[Black "Thabethe, Nhlanhla"]
[Result "0-1"]
[WhiteElo "1662"]
[BlackElo "1802"]
[PlyCount "67"]
[EventDate "2016.07.13"]
[EventType "swiss"]
[EventRounds "9"]
[EventCountry "RSA"]
[SourceTitle "CBM 173 Extra"]
[Source "ChessBase"]
[SourceDate "2016.08.29"]
[SourceVersion "1"]
[SourceVersionDate "2016.08.29"]
[SourceQuality "1"]

1. e4 d5 2. exd5 Qxd5 3. Nc3 Qa5 4. d4 c6 5. Nf3 Bf5 6. Bd2 Qc7 7. Bc4 e6 8. 0-0 Be7 9. Re1 Nd7 10. Qe2 Ngf6 11. Bb3 0-0 12. h3 h6 13. Rad1 Rfe8 14. Ne5 Nxe5 15. dxe5 Nd5 16. Qf3 Bg6 17. Qg3 a5 18. Ne2 Kh7 19. Bxd5 cxd5 20. c3 Qb6 21. Bc1 Bc5 22. Nf4 Rf8 23. Nd3 Be7 24. Be3 Qb5 25. Bc1 Qc4 26. a3 Bh4 27. Qg4 Bxd3 28. Rxd3 Bxf2+ 29. Kxf2 Qxd3 30. Kg1 b5 31. Be3 Rac8 32. Qh4 Rc4 33. Qe7 Kg8 34. Kf2 0-1

[Event "Johannesburg Redpath op"]
[Site "Johannesburg"]
[Date "2016.07.15"]
[Round "4"]
[White "Oberholzer, Imarie"]
[Black "Thabethe, Nhlanhla"]
[Result "0-1"]
[WhiteElo "1504"]
[BlackElo "1802"]
[PlyCount "112"]
[EventDate "2016.07.13"]
[EventType "swiss"]
[EventRounds "9"]
[EventCountry "RSA"]
[SourceTitle "CBM 173 Extra"]
[Source "ChessBase"]
[SourceDate "2016.08.29"]
[SourceVersion "1"]
[SourceVersionDate "2016.08.29"]
[SourceQuality "1"]

1. e4 c5 2. Nc3 Nc6 3. f4 e6 4. Nf3 a6 5. Be2 d5 6. exd5 exd5 7. 0-0 Nf6 8. d3 Be7 9. Qe1 0-0 10. Bd2 Bg4 11. Ne5 Bxe2 12. Nxe2 Re8 13. Qg3 Bf8 14. Rae1 Qb6 15. Nxc6 bxc6 16. b3 c4+ 17. Kh1 cxb3 18. axb3 Qc5 19. c4 dxc4 20. bxc4 a5 21. Nc3 a4 22. Rxe8 Nxe8 23. Ra1 a3 24. Na2 Rb8 25. Qe1 Qd4 26. Rb1 Rd8 27. Bb4 Qxd3 28. Bxf8 Kxf8 29. Qb4+ Qd6 30. Qxd6+ Nxd6 31. Rd1 Rb8 32. h3 Nxc4 33. Rc1 Na5 34. Rc5 Ra8 35. Rc3 Nb7 36. Rxc6 Nd8 37. Rc4 g6 38. g4 Ne6 39. Kg2 Rd8 40. f5 gxf5 41. gxf5 Ng7 42. Rf4 Rd2+ 43. Rf2 Rxf2+ 44. Kxf2 Nxf5 45. Kf3 Kg7 46. Kf4 Kg6 47. Kg4 h5+ 48. Kf4 Ng7 49. Kf3 Kg5 50. Kg3 h4+ 51. Kf3 Ne6 52. Kg2 Kf4 53. Kf2 Nc5 54. Kg2 Nd3 55. Kh2 Kf3 56. Kg1 Kg3 0-1

[Event "Johannesburg Redpath op"]
[Site "Johannesburg"]
[Date "2016.07.13"]
[Round "1"]
[White "Thabethe, Nhlanhla"]
[Black "Claassen, Gabriella"]
[Result "1-0"]
[WhiteElo "1802"]
[BlackElo "1122"]
[PlyCount "85"]
[EventDate "2016.07.13"]
[EventType "swiss"]
[EventRounds "9"]
[EventCountry "RSA"]
[SourceTitle "CBM 173 Extra"]
[Source "ChessBase"]
[SourceDate "2016.08.29"]
[SourceVersion "1"]
[SourceVersionDate "2016.08.29"]
[SourceQuality "1"]

1. d4 Nf6 2. c4 c5 3. e3 cxd4 4. exd4 g6 5. g3 e6 6. Bg2 d5 7. Ne2 Nc6 8. 0-0 Bg7 9. Nbc3 dxc4 10. Bg5 Ne7 11. Qa4+ Bd7 12. Qxc4 Rc8 13. Qb4 Bc6 14. Bxc6+ bxc6 15. Bxf6 Bxf6 16. Ne4 Nd5 17. Qa3 Rc7 18. Rac1 Be7 19. Qf3 f5 20. Nc5 Kf7 21. Rfe1 Bxc5 22. Rxc5 Re8 23. Rec1 Qd6 24. a3 e5 25. Qb3 Rec8 26. dxe5 Qxe5 27. Nf4 g5 28. Nd3 Qd6 29. Nb4 Kg6 30. Na6 Re7 31. Qc4 Re6 32. h4 gxh4 33. Qxh4 Rce8 34. Nb4 Rc8 35. Nxd5 Rd8 36. Nf4+ Kg7 37. Nxe6+ Qxe6 38. Qxd8 f4 39. Rxc6 Qf7 40. Qg5+ Kf8 41. Rc8+ Qe8 42. Qf6+ Kg8 43. Rxe8# 1-0